000 00725cam a2200229 4500
008
049 _aMAIN
090 _aRC261.A7
100 1 _aShapot, V. S.
245 1 0 _aBiochemical aspects of tumour growth /
_cV.S. Shapot ; translated from the Russian by David A. Myshne ; translation edited by the author.
260 _aMoscow :
_bMir Publishers ,
_c1980.
300 _a334 p. :
_bill. ;
_c21 cm.
500 _aIncludes index.
504 _aIncludes bibliographical references.
650 0 _aTumors.
650 0 _aCell proliferation.
907 _a.b10005791
_b20-07-05
_c17-04-03
003
005 20230120203831.0
040 _cNUST
942 _cBOOKS
_kRC261.A7
999 _c112312
_d112312